| 000 | 00364 a2200145 4500 | ||
|---|---|---|---|
| 001 | 88255 | ||
| 082 | _aPR 476 | ||
| 090 |
_c41669 _d41669 |
||
| 100 | _aUzair Yusuf | ||
| 245 |
_aManufacturing of K-8 Model for wind Tunnel Testing _cShakil Sheikh _pCAEG-52 (A) |
||
| 250 | _a1st | ||
| 260 |
_aRisalpur _bNUST _c2000 |
||
| 300 | _a78p | ||
| 500 | _aBE Porject Reports | ||
| 942 |
_aCAE NUST _kPR 476 |
||
| 999 |
_c323328 _d323328 |
||